Pokémon - Les attaques de Kicklee - Statistiques

Statistiques générales
  • Ce quiz a été pris 16 fois
  • Le résultat moyen est 9 sur 17
Statistiques - réponses
Niveaux Types Noms des attaques % Correct
Niveau 24 Feu Pied Brûleur
100%
Niveau 44 Combat Pied Voltige
91%
Départ Normal Charge
73%
Niveau 36 Combat Close Combat
73%
Niveau 4 Combat Double Pied
73%
Niveau 32 Normal Ultimawashi
73%
Départ Niveau 8 Combat Balayette
64%
Départ Normal Puissance
64%
Départ Évolution Combat Casse-Brique
55%
Niveau 21 Roche Garde Large
45%
Départ Normal Bluff
36%
Niveau 40 Combat Contre
36%
Niveau 12 Normal Ténacité
36%
Niveau 16 Combat Vendetta
36%
Départ Normal Ruse
27%
Départ Normal Coup d'Main
9%
Niveau 28 Normal Lire-Esprit
9%
Aucun quiz correspondant
Distribution des résultats
% des personnes avec chaque résultat
Percentile par nombre de réponses
Votre historique - résultats
Vous n’avez pas pris ce quiz